000 01769nam a2200265Ia 4500
999 _c56248
_d56248
001 23350
003 GE_BSU
005 20260109200131.0
008 181216s1974||||ge |||||||||||||| ||geo||
040 _cGE_BSU
041 _ageo
080 _a355.48(479.22) + 94(479.22:470) მ-47
100 _aმეგრელიძე, შამშე
_926634
245 _aსაქართველო აღმოსავლეთის ომებში :
_b(ქართველი და რუსი ხალხების საბრძოლო თანამეგობრობის ისტორიიდან) /
_cშამშე მეგრელიძე ; რედ.: ი. სიხარულიძე ; ს. ჯანაშიას სახ. საქართველოს სახელმწ. მუზეუმი.
264 _aთბილისი :
_bმეცნიერება,
_c1974.
300 _a96 გვ. :
_b16 ფ. ილ. ;
_c21 სმ.
500 _aთავფურცელზე : ავტორის მინაწერი
541 _h1ლ.30თ.
653 _aისტორია
653 _aსამხედრო საქმე
653 _aსაქართველო აღმოსავლეთის ომებში : (ქართველი და რუსი ხალხების საბრძოლო თანამეგობრობის ისტორიიდან).
653 _aქართველი და რუსი ხალხების საბრძოლო თანამეგობრობის ისტორია
700 _aსიხარულიძე, ი.
_e რედაქტორი
_926645
942 _cBK
_2udc